Fictional Characters - Statistics

General Stats
  • This quiz has been taken 25 times
  • The average score is 5 of 20
Answer Stats
Hint Answer % Correct
Sherlock Holmes Arthur Conan Doyle
83%
Hercule Poirot Agatha Christie
78%
James Bond Ian Fleming
78%
Jack Ryan Tom Clancy
70%
George Smiley John Le Carre
35%
Alex Cross James Patterson
26%
Jack Reacher Lee Child
22%
Dirk Pitt Clive Cussler
13%
Kinsey Milhone Sue Grafton
13%
Richard Sharpe Bernard Cornwell
9%
Odd Thomas Dean R. Koontz
9%
Claire Randall Diana Gabaldon
9%
Kay Scarpetta Patricia Cornwell
9%
Walter Longmire Craig Johnson
4%
Stephanie Plum Janet Evanovich
4%
Temperance Brennan Kathy Reichs
4%
Joe Pickett C.J. Box
0%
Lincoln Rhyme Jeffery Deaver
0%
Lucas Davenport John Sandford
0%
Mickey Haller Michael Connelly
0%
No matching quizzes found
Score Distribution
Percent of People with Each Score
Percentile by Number Answered
Your Score History
You have not taken this quiz